LEADER 00993nam--2200337---450- 001 990001476960203316 005 20040304114758.0 035 $a000147696 035 $aUSA01000147696 035 $a(ALEPH)000147696USA01 035 $a000147696 100 $a20040304d1908----km-y0itay0103----ba 101 0 $aita 102 $aIT 105 $a||||||||001yy 200 1 $aRomania$eorazione inaugurale dell'anno accademico 1908-1909 letta nell'aula magna della R. Università di Padova il 9 novenbre 1908$fVincenzo Crescini 210 $aPadova$cRandi$d1908 215 $a36 p.$d24 cm 410 0$12001 454 1$12001 461 1$1001-------$12001 700 1$aCRESCINI,$bVincenzo$0157615 801 0$aIT$bsalbc$gISBD 912 $a990001476960203316 951 $aV F R Misc III/7$b240 L.M.$cV F R Misc 959 $aBK 969 $aUMA 979 $aSIAV5$b10$c20040304$lUSA01$h1147 979 $aPATRY$b90$c20040406$lUSA01$h1743 996 $aRomania$9937074 997 $aUNISA LEADER 03597nam 2200745Ia 450 001 9910966869203321 005 20251017110107.0 010 $a1-282-76086-6 010 $a9786612760860 010 $a92-4-068540-5 035 $a(CKB)2670000000037971 035 $a(EBL)579094 035 $a(OCoLC)662259089 035 $a(SSID)ssj0000419098 035 $a(PQKBManifestationID)11267822 035 $a(PQKBTitleCode)TC0000419098 035 $a(PQKBWorkID)10382421 035 $a(PQKB)11500474 035 $a(MiAaPQ)EBC579094 035 $a(Au-PeEL)EBL579094 035 $a(CaPaEBR)ebr10411824 035 $a(CaONFJC)MIL276086 035 $a(DNLM)1528516 035 $a(EXLCZ)992670000000037971 100 $a20100921d2010 uf 0 101 0 $aeng 135 $aur|n|---||||| 181 $ctxt 182 $cc 183 $acr 200 00$aGuidelines for the treatment of malaria /$fWorld Health Organization 205 $a2nd ed. 210 $aGeneva $cWorld Health Organization$dc2010 215 $a1 online resource (207 p.) 225 1 $aNonseral Publication 300 $aExecutive summary contains : 1. Reccomendations unchanged from the first edition of the Guidelines (2006) and 2. Additional recommendations in the second edition of the Guidelines (2010). 311 08$a92-4-154792-8 320 $aIncludes bibliographical references and index. 327 $aIntroduction -- Clinical disease and epidemiology -- Objectives of treatment -- Resistance to antimalarial medicines -- Antimalarial treatment policy -- Diagnosis of malaria -- Treatment of uncomplicated P. falciparum malaria -- Treatment of severe falciparum malaria -- Treatment of malaria caused by P. vivax, P. ovale or P. malariae -- Mixed malaria infections -- Complex emergencies and epidemics -- Case management in the context of malaria elimination -- Mass drug administration. 330 $a"Malaria case management remains a vital component of the malaria control strategies. This entails early diagnosis and prompt treatment with effective antimalarial medicines. The WHO Guidelines for the treatment of malaria, which were first published in 2006, provide global, evidence-based recommendations on the case management of malaria, targeted mainly at policy-makers at country level, providing a framework for the development of specific and more detailed national treatment protocols that take into account local antimalarial drug resistance patterns and health service capacity in the country. This second edition of the guidelines revisits the recommendations based on updated evidence. The same presentation format from the first edition has been mainly kept based on feedback from the end-users."--Page ix. 410 0$aNonseral Publication 606 $aMalaria$xChemotherapy 606 $aAntimalarials 606 $aMalaria$xDiagnosis 606 $aMalaria$xdrug therapy 606 $aAntimalarials$xtherapeutic use 606 $aAntimalarials$xstandards 606 $aMalaria$xdiagnosis 608 $aGuideline. 615 0$aMalaria$xChemotherapy. 615 0$aAntimalarials. 615 0$aMalaria$xDiagnosis. 615 12$aMalaria$xdrug therapy. 615 22$aAntimalarials$xtherapeutic use. 615 22$aAntimalarials$xstandards. 615 22$aMalaria$xdiagnosis. 676 $a616.9362 712 02$aWorld Health Organization. 801 0$bMiAaPQ 801 1$bMiAaPQ 801 2$bMiAaPQ 906 $aBOOK 912 $a9910966869203321 996 $aGuidelines for the treatment of malaria$94409779 997 $aUNINA